| 000 | 00558nam a22001577a 4500 | ||
|---|---|---|---|
| 999 |
_c534233 _d534233 |
||
| 020 | _qHard Cover. | ||
| 082 | _a620.44 | ||
| 100 | _aSaleem, Hareema | ||
| 245 |
_aStudy of Band Gap Reduction of TiO2 Thin Films with Variation in GO Contents and Use TiO2/Graphene Composite in Hybird Solar Cell/ _cHareema Saleem. |
||
| 260 |
_aIslamabad : _bSCME - NUST, _c2014. |
||
| 300 | _c30cm. | ||
| 942 |
_2ddc _cTHE |
||
| 650 |
_aMaterials and Surface Engineering. _928386 |
||
| 700 |
_aDr. Amir Habib. _919483 |
||